| 000 | 00697nam a2200241 a 4500 | ||
|---|---|---|---|
| 001 | BRL_676 | ||
| 005 | 20190320210841.0 | ||
| 008 | 230913s1967----gw-#######---#000-0#ger-# | ||
| 041 | _ager | ||
| 044 | _agw | ||
| 050 | 4 |
_aHM1106 _b.B47 1967 |
|
| 100 | 1 |
_aBerne, Eric _924617 |
|
| 245 | 1 | 0 |
_aSpiele der Erwachsenen _bPsychologie der Menschlichen Beziehungen _cEric Berne : Deutsch von Wolfram Wagmuth |
| 260 |
_aHamburg _bRowohlt _c1967 |
||
| 300 |
_a272 p. _bil., diagramas _c20 cm. |
||
| 500 | _aAu742 | ||
| 650 | 1 | 4 |
_aRelaciones humanas _924618 |
| 650 | 1 | 4 |
_aInteracción social _924619 |
| 650 | 1 | 4 |
_aPsicología _924620 |
| 700 | 1 |
_aWagmuth, Wolfram _924621 |
|
| 902 | _aGRL | ||
| 942 |
_2lcc _cB |
||
| 999 |
_c9488 _d9488 |
||